书目信息 |
| 题名: |
新型防水工程施工工艺
|
|
| 作者: | 田洪臣 主编 | |
| 分册: | ||
| 出版信息: | 北京 化学工业出版社 2005.01 |
|
| 页数: | 410页 | |
| 开本: | 21cm | |
| 丛书名: | ||
| 单 册: | ||
| 中图分类: | TU761.1 | |
| 科图分类: | ||
| 主题词: | 建筑防水--jian zhu fang shui--工程施工 | |
| 电子资源: | ||
| ISBN: | 7-5025-6176-5 | |
| 000 | 00966nam0 2200277 450 | |
| 001 | CAL 012005004716 | |
| 005 | 20050908163938.74 | |
| 010 | @a7-5025-6176-5@d28.00CNY | |
| 099 | @aCAL 012005004716 | |
| 100 | @a20041221d2005 ekmy0chiy0121 ea | |
| 101 | 0 | @achi |
| 102 | @aCN@b110000 | |
| 105 | @aak a 000yy | |
| 200 | 1 | @a新型防水工程施工工艺@Axin xing fang shui gong cheng shi gong gong yi@f田洪臣主编 |
| 210 | @a北京@c化学工业出版社@d2005.01 | |
| 215 | @a410页@c图@d21cm | |
| 320 | @a有书目 (第410页) | |
| 330 | @a本书是一本关于建筑防水工程施工的书籍,其内容包括:刚性防水材料,卷材防水材料,乳化沥青和防水冷胶料,有机硅防水涂料,新型防水密封材料等。 | |
| 333 | @a建筑防水研究人员,高等院校相关专业学生,普通读者。 | |
| 606 | 0 | @a建筑防水@Ajian zhu fang shui@x工程施工 |
| 690 | @aTU761.1@v4 | |
| 701 | 0 | @a田洪臣@Atian hong chen@4主编 |
| 801 | 0 | @aCN@bXHSD@c20050908 |
| 905 | @a10447@dTU761.1@eT620 | |
| 906 | @dCNY28.00@n0@r1 | |
| 998 | @aBJP | |
| 新型防水工程施工工艺/田洪臣主编.-北京:化学工业出版社,2005.01 |
| 410页:图;21cm |
| 使用对象:建筑防水研究人员,高等院校相关专业学生,普通读者。 |
| ISBN 7-5025-6176-5:28.00CNY |
| 本书是一本关于建筑防水工程施工的书籍,其内容包括:刚性防水材料,卷材防水材料,乳化沥青和防水冷胶料,有机硅防水涂料,新型防水密封材料等。 |
| ● |
| 相关链接 |
|
|
|
正题名:新型防水工程施工工艺
索取号:TU761.1/T620
 
预约/预借
| 序号 | 登录号 | 条形码 | 馆藏地/架位号 | 状态 | 备注 |
| 1 | 532935 | 205329358 | 建筑库201/201建筑库 44排7列2层/ [索取号:TU761.1/T620] | 在馆 | |
| 2 | 532936 | 205329367 | 建筑库201/201建筑库 44排7列2层/ [索取号:TU761.1/T620] | 在馆 | |
| 3 | 532937 | 205329376 | 自科二线404/404自科库 26排3列2层/ [索取号:TU761.1/T620] | 在馆 | |
| 4 | 532938 | 205329385 | 建筑库201/201建筑库 44排7列2层/ [索取号:TU761.1/T620] | 在馆 | |
| 5 | 532939 | 205329394 | 自科二线404/404自科库 27排3列1层/ [索取号:TU761.1/T620] | 在馆 | |
| 6 | 540673 | 205406737 | 建筑库201/ [索取号:TU761.1/T620] | 在馆 | |
| 7 | 540674 | 205406746 | 建筑库201/201建筑库 44排7列2层/ [索取号:TU761.1/T620] | 在馆 | |
| 8 | 540675 | 205406755 | 建筑库201/201建筑库 44排7列2层/ [索取号:TU761.1/T620] | 在馆 |